|
|
|
|
| LEADER |
01259nam a2200277 a 4500 |
| 001 |
1164735 |
| 008 |
091001s1997 dcua b 000 0 eng d |
| 010 |
|
|
|a \\\96046315
|
| 020 |
|
|
|a 082133817X (pbk.)
|
| 040 |
|
|
|a DLC
|c DLC
|d DLC
|
| 082 |
0 |
0 |
|a 362.5/8/091724
|2 21
|
| 100 |
1 |
|
|a Psacharopoulos, George.
|
| 245 |
1 |
4 |
|a The role of government and the private sector in fighting poverty /
|c George Psacharopoulos, Nguyen Xuan Nguyen.
|
| 260 |
|
|
|a Washington, D.C. :
|b World Bank,
|c 1997.
|
| 300 |
|
|
|a xvi, 81 p. :
|b ill. ;
|c 28 cm.
|
| 490 |
0 |
|
|a World Bank technical paper ;
|v no. 346
|
| 504 |
|
|
|a Includes bibliographical references.
|
| 541 |
1 |
|
|e 00007144
|
| 650 |
|
0 |
|a Economic assistance, Domestic
|z Developing countries
|x Case studies.
|
| 650 |
|
0 |
|a Privatization
|z Developing countries
|x Case studies.
|
| 650 |
|
0 |
|a Non-governmental organizations
|z Developing countries
|x Case studies.
|
| 651 |
|
0 |
|a Developing countries
|x Economic policy
|x Case studies.
|
| 700 |
1 |
|
|a Nguyen, Xuan Nguyen.
|
| 852 |
4 |
|
|a Ayesha Abed Library
|j General shelf
|
| 999 |
|
|
|c 4114
|d 4114
|
| 952 |
|
|
|0 0
|1 0
|2 ddc
|4 0
|6 362_580917240000000_PSA_1997
|7 0
|9 3786
|a BRACUL
|b BRACUL
|c GEN
|d 2009-10-03
|g 0.00
|l 0
|o 362.58091724 PSA
|p 3010007144
|r 2009-10-03
|t 1
|w 2009-10-03
|y BK
|x No price found in the accession register.
|